| 000 | 02698 a2200229 4500 | ||
|---|---|---|---|
| 001 | 61 | ||
| 005 | 20260407155406.0 | ||
| 008 | 260407a2007 arg spa d | ||
| 003 | AR-UNSa-BCEJYS | ||
| 040 |
_aAR-UNSa-BCEJYS _bspa _cAR-UNSa-BCEJYS |
||
| 080 |
_a336.226.1 _xImpuestos a las ganancias o los beneficios (Impuesto Diferido) |
||
| 245 | 1 | 0 |
_aGanancias, bienes personales y ganancia mínima presunta _panálisis integral |
| 020 | _a978-987-1140-59-6 | ||
| 250 | _a1a. ed. | ||
| 264 | 1 |
_aBuenos Aires : _bOsmar D. Buyatti _c2007 |
|
| 300 |
_a988 p. _c23 cm |
||
| 505 | _a1. Objeto del impuesto - 2. Sujetos del impuesto - 3. Vínculo jurisdiccional - 4. Empresas vinculadas internacionalmente y precios de transferecias - 5. Exenciones - 6. Año fiscal y criterios de imputación de ganancias y gastos - 7. Primera categoría - 8. Segunda categoría - 9. Cuarta categoría - 10. Esquema de liquidación para personas físicas y sucesiones indivisas - 11. Determinación del impueso a las ganancias para personas físicas y sucesiones indivisas, deducciones admitidas - 12. Entidades exentas,régimen e empadronamiento y de información de donaciones - 13. Deducciones no admitidas - 14. Incrementos patrimoniales no justificados - 15. Concepto de empresa - 16. Tercera categoría - 17. Amortizaciones - 18. Deducción de los gastos de automóviles - 19. Rentas de fuente extranjera obtenida por sujetos de la tercera categoría - 20. Valuación de las mercaderias e los inventarios - 21. Costo computable en la enajanació de bienes - 22. Venta y reemplazo y desuso de bienes amortizables - 23. Malos créditos - 24. Previsionesy rentas - 25. Diferencias de cambio por operaciones en moneda extarnjera - 26. Operacones inmobiliaraias y construcciones - 27. Honorarios a directores, síndicos y miembros del consejo de vigilancia - 28. Disposición de fondos o bienes a favor de terceros - 29. Salidas no documentadas - 30. Reorganización de empresas - 31. La imposición sobrelas sociedades de capital y sobre sus accionistas o socios - 32. Impuesto diferido - 33. Ajuste impositivo por inflación - 34. Beneficios del exterior - 35. Impuesto sobre los bienes personales - 36. Impuesto a la ganancia mínima presunta - 37. Fideicomisos - 38.El contrato de leasing - 39. Régimen de ingreso de anticipos - 40. Cómputos del mpuesto sobre los débitos y créditosbancarios como pago a cuenta del impuesto a las ganancia y a la ganancia mínima presunta. | ||
| 942 | _cBK | ||
| 590 | _aniveau_biblio:m niveau_hierar:0 | ||
| 100 | 1 | _aRodríguez, Marcelo Daniel | |
| 856 | 4 | 1 |
_uhttps://biblioeco.unsa.edu.ar/pmb/images/libros/Ganancias bienes personales2-l116965.jpg _yImagen de portada _qimage/jpeg |
| 999 |
_c45 _d45 |
||